Riconosci il Pokémon - Quiz n°281 - Statistics

Statistiche generali
  • Questo quiz è stato fatto 0 volte
  • Il punteggio medio è 0 su 10
Statistiche sulle risposte
Indizio Risposta % Corretto
Altezza 0,3 m
0%
Peso 0,8 kg
0%
Tasso di cattura 45 (11.9%)
0%
Sesso 50% ♂, 50% ♀
0%
Pokémon Castform
0%
Tasso di allevamento Medio-Veloce
0%
Stadio evoluzione Non si evolve
0%
Tipo Normale; Fuoco (Forma Sole); Acqua (Forma Pioggia); Ghiaccio (Forma Nuvola di Neve)
0%
Abilità Previsioni
0%
Generazione Terza
0%
Nessun quiz corrispondente trovato
Distribuzione punteggi
Percentuale di utenti per punteggio
Percentile per numero di risposta
I tuoi punteggi nel tempo
Non hai fatto questo quiz